00535nam a2200181 a 4500008004100000020001500041050001500056100002000071245007100091260003300162300002100195350000900216650003700225650001700262650002900279650002600308700001900334110914s1997 ||||||||||||||||| || u a007070757X aRD 731 Gen aWilson, Frank C10aGeneral Orthopaedicsc[edited by] Frank C. Wilson & Patrick P. Lin aSt.Louis:bMcGraw-Hillc1997 axii, 558p.: ill. a0.00 aMUSCULOSKELETAL SYSTEM--DISEASES aORTHOPAEDICS aMUSCULOSKELETAL DISEASES aORTHOPAEDICS--METHODS aLin, Patrick P